Informe anual del UNICEF 2003
| Institution som forfatter: | |
|---|---|
| Format: | Bog |
| Sprog: | spansk |
| Udgivet: |
Nueva York :
UNICEF,
2004
|
| Fag: |
MARC
| LEADER | 00000nam a2200000Ia 4500 | ||
|---|---|---|---|
| 008 | 151104b2004 u ||||| |||| 00| | spa d | ||
| 020 | |a 9280637962 | ||
| 090 | |a 01.03.02 |b 792 | ||
| 110 | 2 | |9 569 |a UNICEF | |
| 245 | 1 | 0 | |a Informe anual del UNICEF 2003 |
| 260 | |a Nueva York : |b UNICEF, |c 2004 | ||
| 300 | |a 51 páginas | ||
| 610 | 2 | 4 | |9 569 |a UNICEF |
| 650 | 1 | 4 | |a INFORMES ANUALES |9 621 |
| 942 | |i 001337 |h 01.03.02 792 |2 z |c 01 | ||
| 999 | |c 303 |d 303 | ||
